ARRUPE JESUIT UNIVERSITY

CORONAVIRUS -STOP THE SPREAD - CLEAN,DISINFECT,COVER

Sowing the mustard seed : (Record no. 120488)

MARC details
000 -LEADER
fixed length control field 01296nam a22003615a 4500
001 - CONTROL NUMBER
control field 177983
003 - CONTROL NUMBER IDENTIFIER
control field ARRUPE
005 - DATE AND TIME OF LATEST TRANSACTION
control field 20140515114740.0
008 - FIXED-LENGTH DATA ELEMENTS--GENERAL INFORMATION
fixed length control field 980924s1997 enkbcf 001 0aeng d
010 ## - LIBRARY OF CONGRESS CONTROL NUMBER
LC control number 98201575
015 ## - NATIONAL BIBLIOGRAPHY NUMBER
National bibliography number GB97-23847
020 ## - INTERNATIONAL STANDARD BOOK NUMBER
International Standard Book Number 0333689089 (cased)
020 ## - INTERNATIONAL STANDARD BOOK NUMBER
International Standard Book Number 0333642341 (pbk)
035 ## - SYSTEM CONTROL NUMBER
System control number (OCoLC)36990748
040 ## - CATALOGING SOURCE
Original cataloging agency UKM
Transcribing agency UKM
Modifying agency PRC
-- DLC
042 ## - AUTHENTICATION CODE
Authentication code lccopycat
050 00 - LIBRARY OF CONGRESS CALL NUMBER
Classification number ACQUISITION IN PROCESS (COPIED) (lccopycat)
051 ## - LIBRARY OF CONGRESS COPY, ISSUE, OFFPRINT STATEMENT
Classification number out of print
300 ## - PHYSICAL DESCRIPTION
Other physical details maps, ports. ;
Dimensions 25 cm.
100 1# - MAIN ENTRY--PERSONAL NAME
Personal name Museveni, Yoweri,
Dates associated with a name 1944-
9 (RLIN) 10180
245 10 - TITLE STATEMENT
Title Sowing the mustard seed :
Remainder of title the struggle for freedom and democracy in Uganda /
Statement of responsibility, etc Yoweri Kaguta Museveni ; edited by Elizabeth Kanyogonya and Kevin Shillington.
260 ## - PUBLICATION, DISTRIBUTION, ETC. (IMPRINT)
Place of publication, distribution, etc London :
Name of publisher, distributor, etc Macmillan,
Date of publication, distribution, etc 1997.
300 ## - PHYSICAL DESCRIPTION
Extent xiv, 224 p., [8] p. of plates :
500 ## - GENERAL NOTE
General note Includes index.
600 14 - SUBJECT ADDED ENTRY--PERSONAL NAME
Personal name Museveni, Yoweri,
Dates associated with a name 1944-
9 (RLIN) 10181
650 #0 - SUBJECT ADDED ENTRY--TOPICAL TERM
Topical term or geographic name as entry element Presidents
Geographic subdivision Uganda
General subdivision Biography.
9 (RLIN) 10182
651 #0 - SUBJECT ADDED ENTRY--GEOGRAPHIC NAME
Geographic name Uganda
General subdivision Politics and government
Chronological subdivision 1971-1979.
9 (RLIN) 10183
651 #0 - SUBJECT ADDED ENTRY--GEOGRAPHIC NAME
Geographic name Uganda
General subdivision Politics and government
Chronological subdivision 1979-
9 (RLIN) 10184
700 1# - ADDED ENTRY--PERSONAL NAME
Personal name Kanyogonya, Elizabeth.
9 (RLIN) 10185
700 1# - ADDED ENTRY--PERSONAL NAME
Personal name Shillington, Kevin.
9 (RLIN) 10186
906 ## - LOCAL DATA ELEMENT F, LDF (RLIN)
a 0
b ibc
c copycat
d 1
e ncip
f 19
g y-gencatlg
942 ## - ADDED ENTRY ELEMENTS (KOHA)
Source of classification or shelving scheme Library of Congress Classification
Koha item type Monograph ( Printed materials)
Holdings
Withdrawn status Lost status Source of classification or shelving scheme Damaged status Not for loan Collection code Home library Current library Shelving location Date acquired Total Checkouts Full call number Barcode Date last seen Date checked out Price effective from Koha item type
    Library of Congress Classification     Main Collection ARRUPE LIBRARY ARRUPE LIBRARY Main Collection 15/05/2014 2 DT433.287.M8 A3 1997 46500000799 07/12/2017 11/08/2016 15/05/2014 Monograph ( Printed materials)

 

Arrupe Library. PO Box MP320 Mt Pleasant, Harare, Zimbabwe
263 242 745411|librarian@aju.ac.zw